Utópiák a vásznon Balázs István festőművész kiállítása Rimaszombatban

Podrobná bibliografia
Hlavný autor: Juhász Dósa, János, 1969- (Autor)
Médium: Článok
Jazyk:maďarčina
Predmet:

MARC

LEADER 00000nab a2200000 a 4500
001 vtls000833197
003 SK-MaSNL
005 20260318133121.0
008 160405c2003 xo 0 hun
015 |a SNBRB2003/04-13046 
035 |a CLN000184852 
040 |a SNKBUCL  |b slo  |c SNKBUCL  |e AACR2 
041 0 |a hun 
044 |a xo  |c SK 
080 |a 75.071.1:061.4  |2 1997 
080 |a 069.6.02(437.6)  |2 1997 
100 1 |a Juhász Dósa, János,  |d 1969-  |4 aut  |9 667976 
245 1 0 |a Utópiák a vásznon  |b Balázs István festőművész kiállítása Rimaszombatban  |c Juhász Dósa János 
600 1 7 |a Balázs, Štefan,  |d 1958-  |2 snkbucl  |9 11543 
610 2 7 |a Mestská galéria (Rimavská Sobota, Slovensko)  |2 snkbucl  |9 85915 
648 7 |a 2003  |2 SNK  |9 301018 
650 0 7 |a výstavy  |2 SNK  |9 2780 
651 7 |a 609  |2 snkbucl  |9 296870 
655 7 |a články z novín a časopisov  |2 snkbucl  |9 267496 
773 0 |t Új szó  |g Roč. 56, č. 67 (21.3.2003), s. 10 
850 |a Slovenská národná knižnica v Martine 
852 |a SNK  |b KIS3GCP 
958 |a HU 
958 |a SK 
999 |c 2185113  |d 2187043